000 00220nam a2200085Ia 4500
008 120527s9999 xx 000 0 und d
100 _aERIKSSON, S.
245 _aThe briquetting of Agricultural wastes for fuel
942 _cBK
999 _c25144
_d25144